Consumer behaviour / (Record no. 82306)

MARC details
000 -LEADER
fixed length control field 00589nam a22001937a 4500
005 - DATE AND TIME OF LATEST TRANSACTION
control field 20140205143528.0
010 ## - LCCN (DPL NO)
LC control number ENG-109228
020 ## - INTERNATIONAL STANDARD BOOK NUMBER
Terms of availability 395.00
International Standard Book Number 9788129000453
020 ## - INTERNATIONAL STANDARD BOOK NUMBER
Terms of availability 395.00
International Standard Book Number 8129000458
035 ## - SYSTEM CONTROL NUMBER
System control number EN-92761
037 ## - SOURCE OF ACQUISITION
Source of stock number/acquisition DBAD/PUB
082 ## - DEWEY DECIMAL CLASSIFICATION NUMBER
Classification number 658.8342
100 ## - MAIN ENTRY--PERSONAL NAME
Personal name Thakral,Shefali Verma
245 ## - TITLE STATEMENT
Title Consumer behaviour /
Statement of responsibility, etc by Shefali Verma Thakral
260 ## - PUBLICATION, DISTRIBUTION, ETC. (IMPRINT)
Place of publication, distribution, etc Chandigarh
Name of publisher, distributor, etc New Era Book Agency
Date of publication, distribution, etc 2010(repr.)
270 ## - ADDRESS
Address SCO 49-51, Sector -17 C, Post Box -52
City Chandigarh
Postal code 160017
300 ## - PHYSICAL DESCRIPTION
Extent 285p.
Dimensions 24cm(pbk)
942 ## - ADDED ENTRY ELEMENTS (KOHA)
Source of classification or shelving scheme Dewey Decimal Classification
Item type English Books
Call number suffix THA
Classification part 658.8342
Holdings
Withdrawn status Lost status Not for loan Collection code Home library Current library Date acquired Source of acquisition Cost, normal purchase price Full call number Barcode Copy number Cost, replacement price Koha item type
    Not For Loan Non-fiction D.B.Act.Division D.B.Act.Division 31/01/2014 DBAD/PUB 395.00 658.8342 THA EN-92761 1 395.00 English Books

© Delhi Public Library
Hit Counter
free hit counter